00963 2200181 4500001002100000005001500021035002000036245007500056100002400131250001700155300002800172260003900200082001100239084001700250020002200267650002400289520046800313INLIS00000000000074720241019082623 a0010-10240000401 aEnsiklopedia Fisika 4 :bTokoh Fisika Indonesia /cWindi Purtanto, dkk0 aWindi Purtanto, dkk aCetakan ke-1 a56 hlm :bIlus ;c25 cm aBekasi :bUranus publishing,c2011 a530.03 a530.03 WIN e a978-602-8637-24-4 4aEnsiklopedia Fisika aSiapa bilang belajar fisika itu susah. Malah, fisika itu sesuatu yang mengasyikan. Belajar fisika akan sangat menyenangkan karena berhubungan erat dengan kehidupan sehari-hari kita. Tahukah kamu tentang E=MC². Rumus terkenal ciptaan enstein ini adalah rumus populer yang banyak membantu manusia memecahkan masalah teknologi dan sains. Nah, selamat membaca ya, dan jangan lupa untuk berani bertanya pada orang tua, guru atau teman kalau ada yang tidak dimengerti.